000 00257pab a2200109 454500
008 180718b xxu||||| |||| 00| 0 eng d
100 _aGill, S.S.
245 _aMandal - issues ignored
650 _aBackward classes
773 _aHindustan Times
909 _a23329
999 _c23329
_d23329